000 00421cam a2200145 4500500
005 20260329002149.0
041 _afre
042 _adc
100 1 0 _aSalin, Dominique
_eauthor
245 0 0 _aReviews
260 _c2002.
500 _a25
786 0 _nÉtudes | Volume 397 | 11 | 2002-11-01 | p. 556-558 | 0014-1941
856 4 1 _uhttps://shs.cairn.info/journal-etudes-2002-11-page-556?lang=en&redirect-ssocas=7080
999 _c1812365
_d1812365